| 000 -LEADER |
| fixed length control field |
01204cam a2200313 a 4500 |
| 005 - DATE AND TIME OF LATEST TRANSACTION |
| control field |
20180129064244.0 |
| 008 - FIXED-LENGTH DATA ELEMENTS--GENERAL INFORMATION |
| fixed length control field |
080723s2009 njua b 001 0 eng |
| 020 ## - IDENTIFIER FOR THE MANIFESTATION |
| Identifier for the Manifestation |
9780136004288 |
| Binding |
paperback |
| 020 ## - IDENTIFIER FOR THE MANIFESTATION |
| Identifier for the Manifestation |
9780136005216 (pbk.) |
| 040 ## - CATALOGING SOURCE |
| Transcribing Agency |
APEC Schools Library |
| Language of Cataloging |
eng |
| Description Conventions |
rda |
| 082 00 - DEWEY DECIMAL CLASSIFICATION NUMBER |
| Classification number |
C 150 |
| Author's Number |
C484p 2009 |
| 100 1# - CREATOR |
| Preferred Name of the Person |
Ciccarelli, Saundra K. |
| 245 10 - TITLE AND STATEMENT OF RESPONSIBILITY |
| Preferred Title Proper |
Psychology / |
| Statement of Responsibility/Parallel Statement of Responsibility |
Saundra K. Ciccarelli, J. Noland White. |
| 250 ## - EDITION STATEMENT |
| Designation of Edition/Designation of a Named Revision of an Edition |
2nd edition. |
| 264 ## - PUBLICATION STATEMENT |
| Place of publication, distribution, etc |
Upper Saddle River, NJ : |
| Publisher's Name/Parallel Publisher's Name |
Pearson Education, |
| Copyright |
©2009. |
| Date of Publication |
[2009]. |
| 300 ## - PHYSICAL DESCRIPTION |
| Extent |
various paging : |
| Illustrative Content |
some color illustrations ; |
| Dimensions |
28 cm. |
| 336 ## - RDA CONTENT |
| Source |
rdacontent |
| Content Type |
text |
| 337 ## - RDA MEDIA |
| Source |
rdamedia |
| Media Type |
unmediated |
| 338 ## - RDA CARRIER |
| Source |
rdacarrier |
| Carrier Type |
volume |
| 504 ## - BIBLIOGRAPHY, ETC. NOTE |
| Bibliography, etc |
Includes bibliographical references and indexes. |
| 650 #0 - ADDED SUBJECT ACCESS POINT - TOPICAL TERM |
| Topical Term |
Psychology |
| Form Subdivision |
Textbooks. |
| 700 1# - ADDED AUTHORIZED ACCESS POINT - PERSONAL NAME |
| Preferred Name of the Person |
White, J. Noland. |
| 856 41 - ELECTRONIC LOCATION AND ACCESS |
| Materials specified |
Table of contents only |
| Uniform Resource Identifier |
http://www.loc.gov/catdir/toc/ecip0824/2008032432.html |
| 942 ## - ADDED ENTRY ELEMENTS (KOHA) |
| Source of Classification |
|
| Koha Item Type |
Books |